[Event "Tenerife-chT Preferente"]
[Site "Tenerife"]
[Date "2023.04.15"]
[Round "10.2"]
[White "Perez Gutierrez, Nauzet"]
[Black "Amador Garcia, Ismael"]
[Result "0-1"]
[WhiteElo "1976"]
[BlackElo "2232"]
[PlyCount "136"]
[EventDate "2023.01.14"]
[EventType "team-tourn"]
[EventRounds "14"]
[EventCountry "ESP"]
[SourceTitle "EXT 2024"]
[Source "ChessBase"]
[SourceDate "2023.10.10"]
[SourceVersion "1"]
[SourceVersionDate "2023.10.10"]
[SourceQuality "1"]
[WhiteTeam "El Sauzal Libreria Barco"]
[BlackTeam "Ebano Barrio Nuevo"]
[WhiteTeamCountry "ESP"]
[BlackTeamCountry "ESP"]

1. d4 Nf6 2. Nf3 e6 3. Bf4 c5 4. e3 b6 5. Bd3 Be7 6. h3 0-0 7. 0-0 cxd4 8. exd4 Ba6 9. Bxa6 Nxa6 10. c3 Nc7 11. Nbd2 Ncd5 12. Bh2 b5 13. a4 a6 14. axb5 axb5 15. Qe2 Qb6 16. Ne5 Rfc8 17. Ne4 Nxe4 18. Qxe4 d6 19. Nd3 Rxa1 20. Rxa1 b4 21. Nxb4 Nxb4 22. cxb4 Qxb4 23. Ra8 Rxa8 24. Qxa8+ Bf8 25. Bg3 Qxd4 26. Qb8 h5 27. h4 g5 28. Qd8 gxh4 29. Bxh4 Kg7 30. Qg5+ Kh7 31. Qxh5+ Kg8 32. Qg5+ Bg7 33. Qd8+ Kh7 34. Qe7 Qd1+ 35. Kh2 Be5+ 36. g3 Qf3 37. Kg1 Bd4 38. g4 Qxg4+ 39. Kh2 Qf3 40. Bg3 Qh5+ 41. Kg2 Bc5 42. f3 e5 43. Qb7 Kg7 44. b4 Bd4 45. Qd5 Qg6 46. b5 Bc5 47. Qe4 Qg5 48. Kh2 Qd2+ 49. Kh3 Qh6+ 50. Kg2 Qe6 51. Kh2 f5 52. Qb7+ Kg6 53. Qc6 f4 54. Bh4 Qa2+ 55. Kh3 Qe6+ 56. Kg2 Kh5 57. Be1 Qg6+ 58. Kh3 Qe6+ 59. Kg2 Kh6 60. b6 Qg6+ 61. Kh3 Qf5+ 62. Kg2 Qc2+ 63. Kh3 Qe2 64. Qd5 Qf1+ 65. Kg4 Qg2+ 66. Kh4 Qh1+ 67. Kg4 Qg2+ 68. Kh4 Qh2+ 0-1

[Event "Tenerife-chT Preferente"]
[Site "Tenerife"]
[Date "2021.05.15"]
[Round "6.1"]
[White "Perez Perez, Gabriel"]
[Black "Perez Gutierrez, Nauzet"]
[Result "1-0"]
[WhiteElo "2151"]
[BlackElo "2064"]
[PlyCount "55"]
[EventDate "2021.02.27"]
[EventType "team-tourn"]
[EventRounds "14"]
[EventCountry "ESP"]
[SourceTitle "EXT 2023"]
[Source "ChessBase"]
[SourceDate "2022.10.05"]
[SourceVersion "1"]
[SourceVersionDate "2022.10.05"]
[SourceQuality "1"]
[WhiteTeam "Ebano Barrio Nuevo"]
[BlackTeam "El Sauzal Libreria Barco"]
[WhiteTeamCountry "ESP"]
[BlackTeamCountry "ESP"]

1. e4 e5 2. Nf3 Nf6 3. Bc4 Nc6 4. d4 Nxd4 5. Nxd4 exd4 6. Qxd4 d6 7. 0-0 Be6 8. Bxe6 fxe6 9. e5 dxe5 10. Qxe5 Qd6 11. Qe2 0-0-0 12. Nc3 a6 13. Bg5 h6 14. Bh4 g5 15. Bg3 Qc6 16. Be5 Bg7 17. f4 g4 18. Bxf6 Bxf6 19. Qxg4 Kb8 20. Qf3 Qb6+ 21. Kh1 Rhg8 22. b3 Qa5 23. Ne4 Bd4 24. c3 Bg7 25. a4 Rgf8 26. b4 Qb6 27. Nc5 Rf7 28. Qh5 1-0

[Event "Tenerife-chT Preferente 1819"]
[Site "Tenerife"]
[Date "2019.04.06"]
[Round "13.2"]
[White "Perez Perez, Gabriel"]
[Black "Perez Gutierrez, Nauzet"]
[Result "1/2-1/2"]
[WhiteElo "2126"]
[BlackElo "2085"]
[PlyCount "62"]
[EventDate "2018.11.24"]
[EventType "team-tourn"]
[EventRounds "14"]
[EventCountry "ESP"]
[SourceTitle "EXT 2021"]
[Source "ChessBase"]
[SourceDate "2020.10.23"]
[SourceVersion "1"]
[SourceVersionDate "2020.10.23"]
[SourceQuality "1"]
[WhiteTeam "Fundacion La Caja de Canarias"]
[BlackTeam "El Sauzal Libreria Barco"]
[WhiteTeamCountry "ESP"]
[BlackTeamCountry "ESP"]

1. d4 d6 2. e4 e5 3. dxe5 dxe5 4. Qxd8+ Kxd8 5. Bc4 f6 6. Nc3 c6 7. f4 Bd6 8. fxe5 Bxe5 9. Nf3 Nd7 10. Nxe5 Nxe5 11. Bb3 Ne7 12. Be3 b6 13. a4 Bg4 14. a5 Kc7 15. 0-0 Rhd8 16. h3 Bd7 17. Ra3 Be8 18. axb6+ axb6 19. Rfa1 Rxa3 20. Rxa3 Kb7 21. Ra1 Bf7 22. Bxf7 Nxf7 23. Rd1 Rxd1+ 24. Nxd1 Ne5 25. Kf2 c5 26. g4 Kc6 27. Ke2 b5 28. Nf2 Nc4 29. Bc1 Ne5 30. b3 Kd6 31. Ba3 N7c6 1/2-1/2

[Event "Santa Cruz de Tenerife Trophy"]
[Site "Santa Cruz de Tenerife"]
[Date "2017.05.09"]
[Round "9"]
[White "Reyes Lopez, Angel"]
[Black "Perez Gutierrez, Nauzet"]
[Result "0-1"]
[WhiteElo "1513"]
[BlackElo "2078"]
[PlyCount "90"]
[EventDate "2017.03.09"]
[EventType "swiss"]
[EventRounds "9"]
[EventCountry "ESP"]
[SourceTitle "EXT 2018"]
[Source "ChessBase"]
[SourceDate "2017.10.13"]
[SourceVersion "1"]
[SourceVersionDate "2017.10.13"]
[SourceQuality "1"]

1. e4 e5 2. Nf3 Nf6 3. Nxe5 d6 4. Nf3 Nxe4 5. Nc3 Nxc3 6. dxc3 Be7 7. Bf4 0-0 8. Qd2 Nd7 9. 0-0-0 Nc5 10. Bc4 a6 11. h4 Be6 12. Bxe6 fxe6 13. Be3 Ne4 14. Qd3 Nf6 15. Ng5 Qd7 16. Rh3 Rfe8 17. Bd4 Bf8 18. Rg3 e5 19. Be3 d5 20. Kb1 c5 21. f3 c4 22. Qd2 b5 23. Nh3 Rad8 24. Bg5 Qf5 25. Nf2 Rd6 26. Bxf6 Qxf6 27. Ng4 Qf4 28. Qe1 h5 29. Nh2 e4 30. Nf1 Rde6 31. Qf2 Re5 32. a3 a5 33. Qd2 e3 34. Qe2 b4 35. Rd4 Qf6 36. cxb4 axb4 37. a4 Bc5 38. Rd1 b3 39. Nh2 bxc2+ 40. Kxc2 Qb6 41. f4 Rf5 42. Rg5 Qb3+ 43. Kb1 Rxg5 44. hxg5 d4 45. g6 Rb8 0-1

[Event "Santa Cruz de Tenerife Trophy"]
[Site "Santa Cruz de Tenerife"]
[Date "2017.05.04"]
[Round "8"]
[White "Gil Ojeda, Jorge"]
[Black "Perez Gutierrez, Nauzet"]
[Result "1-0"]
[WhiteElo "1850"]
[BlackElo "2078"]
[PlyCount "57"]
[EventDate "2017.03.09"]
[EventType "swiss"]
[EventRounds "9"]
[EventCountry "ESP"]
[SourceTitle "EXT 2018"]
[Source "ChessBase"]
[SourceDate "2017.10.13"]
[SourceVersion "1"]
[SourceVersionDate "2017.10.13"]
[SourceQuality "1"]

1. e4 c5 2. Nf3 Nc6 3. d4 cxd4 4. Nxd4 Nf6 5. Nc3 e5 6. Ndb5 a6 7. Nd6+ Bxd6 8. Qxd6 Qe7 9. Qxe7+ Nxe7 10. Bg5 b5 11. a3 Bb7 12. Bd3 d5 13. Bxf6 gxf6 14. exd5 Rd8 15. 0-0-0 f5 16. d6 Nc8 17. d7+ Rxd7 18. Bxf5 Rxd1+ 19. Rxd1 Nb6 20. Be4 Bxe4 21. Nxe4 0-0 22. Rd6 Rb8 23. Nf6+ Kg7 24. Ne8+ Kf8 25. Nc7 b4 26. Nxa6 bxa3 27. bxa3 Nc4 28. Nxb8 Nxd6 29. Nd7+ 1-0

[Event "Tenerife-ch"]
[Site "Tenerife"]
[Date "2015.04.29"]
[Round "8"]
[White "Hernandez Leon, Alberto"]
[Black "Perez Gutierrez, Nauzet"]
[Result "1-0"]
[WhiteElo "2294"]
[BlackElo "2044"]
[PlyCount "73"]
[EventDate "2015.04.13"]
[EventType "swiss"]
[EventRounds "9"]
[EventCountry "ESP"]
[SourceTitle "CBM 166 Extra"]
[Source "ChessBase"]
[SourceDate "2015.06.18"]
[SourceVersion "1"]
[SourceVersionDate "2015.06.18"]
[SourceQuality "1"]

1. e4 e5 2. Nf3 Nf6 3. Nxe5 d6 4. Nf3 Nxe4 5. Nc3 Nxc3 6. dxc3 Be7 7. Bf4 Nd7 8. Qd2 Nc5 9. Be3 Be6 10. Nd4 c6 11. Nxe6 Nxe6 12. 0-0-0 Qa5 13. Kb1 0-0-0 14. Bd3 d5 15. f4 Bf6 16. f5 Nc7 17. Bg5 Bxg5 18. Qxg5 d4 19. cxd4 Ne6 20. Qg3 Nxd4 21. Qxg7 Rhg8 22. Qxh7 Rxg2 23. Qxf7 Qc5 24. Qc4 Qe5 25. Rde1 Qf4 26. Re4 Qf2 27. Rf1 Rg1 28. a4 Rxf1+ 29. Bxf1 Nxc2 30. Qe2 Qxe2 31. Bxe2 Nd4 32. Bg4 Nb3 33. f6+ Kc7 34. Re7+ Kd6 35. Re6+ Kd5 36. f7 Rf8 37. Re8 1-0

[Event "Tenerife-ch"]
[Site "Tenerife"]
[Date "2015.04.24"]
[Round "6"]
[White "Kraus, Oliver"]
[Black "Perez Gutierrez, Nauzet"]
[Result "0-1"]
[WhiteElo "2014"]
[BlackElo "2044"]
[PlyCount "120"]
[EventDate "2015.04.13"]
[EventType "swiss"]
[EventRounds "9"]
[EventCountry "ESP"]
[SourceTitle "CBM 166 Extra"]
[Source "ChessBase"]
[SourceDate "2015.06.18"]
[SourceVersion "1"]
[SourceVersionDate "2015.06.18"]
[SourceQuality "1"]

1. e4 e5 2. Nc3 Nf6 3. g3 d5 4. exd5 Nxd5 5. Bg2 Nxc3 6. bxc3 Bc5 7. Nf3 Nc6 8. 0-0 0-0 9. Re1 Re8 10. d4 exd4 11. Rxe8+ Qxe8 12. cxd4 Bd6 13. c4 Bg4 14. h3 Bh5 15. Be3 Bxg3 16. Qb3 Bd6 17. c5 Be7 18. Qxb7 Rb8 19. Qxc7 Bf6 20. Qf4 Rb4 21. a3 Rc4 22. Rb1 h6 23. Nd2 Ra4 24. Qc7 Nd8 25. Ne4 Bh4 26. Rb8 Kh7 27. Bg5 Bxg5 28. Nxg5+ hxg5 29. Qxd8 Qe1+ 30. Kh2 Qxf2 31. Qxg5 Be2 32. Rb2 Rxd4 33. Qg3 Qxg3+ 34. Kxg3 Ba6 35. Rb3 f5 36. c6 g5 37. Rc3 f4+ 38. Kg4 Kg6 39. Kf3 Bc8 40. Bf1 Rd1 41. Ke2 Ra1 42. Bg2 Ra2+ 43. Kf3 Be6 44. Rd3 Kf5 45. Bf1 Bc4 46. c7 Be6 47. Be2 Rc2 48. Rd6 Rxc7 49. Bd3+ Kf6 50. Ke4 Ke7 51. Ra6 Bxh3 52. Rg6 Rc5 53. Rg7+ Ke6 54. Rxa7 Bg2+ 55. Kd4 Rd5+ 56. Kc3 f3 57. Be4 Re5 58. Ra6+ Kf7 59. Kd4 Rxe4+ 60. Kxe4 f2+ 0-1

[Event "Tenerife-chT Primera"]
[Site "Tenerife"]
[Date "2015.03.28"]
[Round "8.1"]
[White "Camacho Hernandez, Francisco"]
[Black "Perez Gutierrez, Nauzet"]
[Result "0-1"]
[WhiteElo "1839"]
[BlackElo "2044"]
[PlyCount "64"]
[EventDate "2015.01.24"]
[EventType "swiss"]
[EventRounds "14"]
[EventCountry "ESP"]
[SourceTitle "EXT 2024"]
[Source "ChessBase"]
[SourceDate "2023.10.10"]
[SourceVersion "1"]
[SourceVersionDate "2023.10.10"]
[SourceQuality "1"]
[WhiteTeam "Casa de Venezuela"]
[BlackTeam "El Sauzal Libreria Barco II"]
[WhiteTeamCountry "ESP"]
[BlackTeamCountry "ESP"]

1. c4 e5 2. Nc3 Nc6 3. Nf3 Bc5 4. e3 d6 5. a3 a6 6. d4 exd4 7. exd4 Ba7 8. Bg5 f6 9. Be3 Nge7 10. h3 Bf5 11. d5 Bxe3 12. fxe3 Ne5 13. Nd4 c5 14. dxc6 bxc6 15. e4 Bc8 16. Be2 0-0 17. Qd2 d5 18. exd5 cxd5 19. c5 Re8 20. b4 Qc7 21. Qa2 Kh8 22. g4 Nc4 23. Nd1 Qg3+ 24. Kf1 f5 25. g5 f4 26. Bxc4 dxc4 27. Nf2 Nd5 28. Ne2 Qf3 29. Rh2 Bf5 30. Nd4 Qg3 31. Nxf5 Qxh2 32. Ng4 Ne3+ 0-1

[Event "Santa Cruz de Tenerife Primavera op"]
[Site "Santa Cruz de Tenerife"]
[Date "2015.03.25"]
[Round "8"]
[White "Korneev, Svyatoslav"]
[Black "Perez Gutierrez, Nauzet"]
[Result "1-0"]
[WhiteElo "2148"]
[BlackElo "2044"]
[PlyCount "90"]
[EventDate "2015.03.10"]
[EventType "swiss"]
[EventRounds "9"]
[EventCountry "ESP"]
[SourceTitle "CBM 165 Extra"]
[Source "ChessBase"]
[SourceDate "2015.04.21"]
[SourceVersion "1"]
[SourceVersionDate "2015.04.21"]
[SourceQuality "1"]

1. c4 e5 2. g3 Nc6 3. Bg2 Bc5 4. Nc3 d6 5. e3 a6 6. Nge2 Ba7 7. 0-0 Nf6 8. d3 0-0 9. a3 Rb8 10. b4 Be6 11. Nd5 Bxd5 12. cxd5 Ne7 13. Qb3 c6 14. dxc6 Nxc6 15. Bb2 d5 16. d4 exd4 17. Bxd4 Nxd4 18. Nxd4 Bxd4 19. exd4 Rc8 20. Rac1 Qb6 21. Rc5 Rcd8 22. Bxd5 Nxd5 23. Rxd5 Rxd5 24. Qxd5 Rd8 25. Qc5 Qf6 26. Qe5 Qf3 27. Qe3 Qg4 28. d5 g6 29. Qd3 Rd6 30. Rd1 h5 31. Qd4 Qd7 32. Rd3 f6 33. Kg2 Kf7 34. Qe4 Qb5 35. h4 Qd7 36. f3 Kg7 37. g4 hxg4 38. fxg4 Kf7 39. h5 f5 40. hxg6+ Rxg6 41. Rf3 Kg8 42. Rxf5 Qg7 43. Qe8+ Kh7 44. Rh5+ Rh6 45. Rxh6+ Qxh6 1-0

[Event "Santa Cruz de Tenerife Primavera op"]
[Site "Santa Cruz de Tenerife"]
[Date "2015.03.19"]
[Round "5"]
[White "Perez Gutierrez, Nauzet"]
[Black "Perez de la Torre, Jorge"]
[Result "1-0"]
[WhiteElo "2044"]
[BlackElo "1624"]
[PlyCount "51"]
[EventDate "2015.03.10"]
[EventType "swiss"]
[EventRounds "9"]
[EventCountry "ESP"]
[SourceTitle "CBM 165 Extra"]
[Source "ChessBase"]
[SourceDate "2015.04.21"]
[SourceVersion "1"]
[SourceVersionDate "2015.04.21"]
[SourceQuality "1"]

1. e4 c5 2. Nf3 g6 3. d4 cxd4 4. Nxd4 Nc6 5. Nc3 Bg7 6. Be3 Nf6 7. Be2 0-0 8. Qd2 d6 9. 0-0-0 Nxd4 10. Bxd4 Be6 11. Kb1 Qa5 12. f3 Rac8 13. Nd5 Qd8 14. Nxf6+ exf6 15. Bc3 Rc6 16. g4 a6 17. Qd4 Rxc3 18. Qxc3 f5 19. Qb4 fxe4 20. Rxd6 Qf6 21. Rf1 Rc8 22. fxe4 Qe5 23. Rfd1 Bf6 24. Qxb7 Qc5 25. c3 Rc7 26. Qb6 1-0